000 00441nam a2200193Ia 4500
005 20250603144831.0
008 250603s9999 xx 000 0 und d
020 _a978134531984
050 _aHB 171 .M55/
100 _aMiller, Roger LeRoy
245 0 _aEconomics of public issues
250 _a20th ed.
260 _aNew york
260 _bPearson
260 _c2018
300 _a256 p
650 _aNew york
942 _cBK
999 _c40086
_d40086